| 000 | 00362nam a2200145 a 4500 | ||
|---|---|---|---|
| 005 | 20140414131851.0 | ||
| 008 | 100802s19uu xx 00 eng d | ||
| 050 |
_aM 611 _bSk2 2006 |
||
| 245 | _aThe skeletal system. | ||
| 260 |
_aNew Delhi : _bSterling, _c2006. |
||
| 440 | _aInvisible world | ||
| 650 | _aSkeletal system | ||
| 650 | _aBones | ||
| 999 |
_c110203 _d110203 |
||